Statistics for Ultimate Call of Duty: Modern Warfare (2019)

Click here to take the quiz!

General Stats

  • This quiz has been taken 654 times
  • The average score is 57 of 210

Answer Stats

HintAnswer% Correct
Assault RifleM4A1
89%
Submachine GunsMP5
89%
Submachine GunsMP7
77%
Assault RifleAK-47
75%
Assault RifleKilo 141
75%
Marksman RiflesKar98k
63%
Assault RifleFN Scar 17
62%
Assault RifleGrau 5.56
62%
Sniper RiflesAX-50
60%
Sniper RiflesHDR
60%
TacticalsFlash Grenade
59%
Assault RifleFAL
58%
Assault RifleM13
58%
LaunchersRPG-7
58%
Submachine GunsUzi
57%
Submachine GunsP90
56%
Assault RifleOden
55%
Assault RifleRAM-7
55%
Shotguns725
54%
LethalsFrag
54%
Assault RifleFR 5.56
53%
LethalsSemtex
52%
Submachine GunsAUG
51%
TacticalsStun Grenade
51%
OpticG.I. Mini Reflex
50%
Handguns1911
49%
Sniper RiflesDragunov
48%
Melee (Primary)Riot Shield
48%
LethalsThrowing Knife
48%
Handguns.50 GS
47%
Marksman RiflesEBR-14
47%
HandgunsM19
47%
LaunchersJOKR
46%
Field UpgradesDead Silence
45%
Light Machine GunsPKM
45%
Muzzle AttachmentsTactical Suppressor
45%
OpticCorp Combat Holo Sight
44%
ShotgunsModel 680
44%
KillstreaksUAV
44%
Handguns.357
43%
Marksman RiflesMK2 Carbine
43%
Muzzle AttachmentsMonolithic Suppressor
43%
LethalsC4
42%
ShotgunsDP-12 / R9-0
42%
Map | Map (Gunfight)Shipment
42%
HandgunsX16
42%
OpticVLK 3.0x Optic
41%
ShotgunsVLK Rouge
41%
LethalsClaymore
39%
TacticalsStim
39%
Submachine GunsStriker 45
38%
LethalsThermite
38%
Muzzle AttachmentsMuzzle Break
37%
TacticalsHeartbeat Sensor
36%
ShotgunsOrigin 12
36%
Submachine GunsPP19 Bizon
36%
MapShoot House
36%
TacticalsSmoke Grenade
36%
LaserTac Laser
36%
Melee (Secondary)Combat Knife
35%
Marksman RiflesCrossbow
35%
Light Machine GunsM91
35%
LaunchersPILA
35%
Laser5mW Laser
34%
KillstreaksJuggernaut
34%
LethalsMolotov Cocktail
34%
KillstreaksCounter-UAV
33%
Light Machine GunsMG34
33%
LaunchersStrela-P
33%
Laser1mW Laser
32%
Tier 2 PerksGhost
32%
Light Machine GunsHolger-26
31%
Field UpgradesMunitions Box
31%
Light Machine GunsSA87
31%
KillstreaksCluster Strike
30%
TacticalsGas Grenade
30%
KillstreaksGunship
30%
KillstreaksPrecision Airstrike
30%
LethalsProximity Mine
30%
Muzzle AttachmentsLightweight Suppressor
29%
Tier 2 PerksOverkill
29%
Map | Map (Gunfight)Rust
29%
KillstreaksCare Package
28%
KillstreaksChopper Gunner
28%
Muzzle AttachmentsCompensator
28%
KillstreaksAdvanced UAV
27%
UnderbarrelCommando Foregrip
27%
UnderbarrelMerc Foregrip
27%
TacticalsSnapshot Grenade
27%
KillstreaksVTOL Jet
27%
Field UpgradesEMP Drone
26%
KillstreaksPersonal Radar
26%
OpticSniper Scope
26%
KillstreaksCruise Missile
25%
KillstreaksTactical Nuke
25%
KillstreaksWheelson
25%
MapPiccadilly
24%
Weapon PerksRecon
24%
KillstreaksWhite Phosphorus
24%
Tier 1 PerksCold-Blooded
23%
Tier 1 PerksDouble Time
23%
UnderbarrelRanger Foregrip
23%
Tier 1 PerksScavenger
23%
Weapon PerksSleight of Hand
23%
Field UpgradesStopping Power Rounds
23%
KillstreaksSupport Helo
23%
Field UpgradesTrophy System
23%
Tier 3 PerksAmped
22%
TacticalsDecoy Grenade
22%
Field UpgradesDeployable Cover
22%
KillstreaksShield Turret
22%
Tier 3 PerksTracker
22%
Tier 1 PerksE.O.D.
21%
UnderbarrelOperator Foregrip
21%
OpticOperator Reflex Sight
21%
KillstreaksSentry Gun
21%
MapGun Runner
20%
MapHackney Yard
20%
Map (Gunfight)King
20%
MapAzhir Cave
19%
Weapon PerksFMJ
19%
MapRammaza
19%
Field UpgradesTactical Insertion
19%
MapCrash
18%
KillstreaksEmergency Airdrop
18%
Optic4.0 Flip Hybrid
17%
MapArklov Peak
17%
MapAtlas Superstore
17%
Map | Map (Ground War)Aniyah Palace
16%
Muzzle AttachmentsBreacher Device
16%
Map (Gunfight)Docks
16%
Muzzle AttachmentsFlash Guard
16%
MapGrazna Raid
16%
Map (Gunfight)Hill
16%
Weapon PerksMo' Money
16%
Tier 2 PerksRestock
16%
Map (Gunfight)Speedball
16%
Tier 3 PerksSpotter
16%
MapVacant
16%
Field UpgradesWeapon Drop
16%
Weapon PerksFully Loaded
15%
Tier 2 PerksHardline
15%
Tier 2 PerksHigh Alert
15%
KillstreaksInfantry Assault Vehicle
15%
Map (Gunfight)Pine
15%
Field UpgradesRecon Drone
15%
UnderbarrelTactical Foregrip
15%
Tier 3 PerksBattle Hardened
14%
MapEuphrates Bridge
14%
Tier 2 PerksPointman
14%
Weapon PerksAkimbo
13%
Weapon PerksFocus
13%
Weapon PerksFrangible Disabling
13%
Map (Gunfight)Gulag Showers
13%
Tier 1 PerksKill Chain
13%
Tier 1 PerksQuick Fix
13%
Tier 3 PerksShrapnel
13%
MapSt. Petrograd
13%
Tier 3 PerksTune Up
13%
OpticAPX5 Holographic Sight
12%
Muzzle AttachmentsBayonet
12%
UnderbarrelBipod
12%
Weapon PerksFrangible Wounding
12%
Map (Gunfight)Stack
12%
OpticVariable Zoom Scope
12%
OpticViper Reflex Sight
12%
MapKhandor Hideout
11%
Muzzle AttachmentsOil Can Suppressor
11%
Map (Gunfight)Atrium
10%
Weapon PerksBurst
10%
Map (Gunfight)Cargo
10%
Map (Ground War)Karst River Quarry
10%
OpticMonocle Reflex Sight
10%
Muzzle AttachmentsChoke
9%
OpticCronen LP945 Mini Reflex
9%
Weapon PerksFast Melee
9%
Weapon PerksHeavy Hitter
9%
Map (Ground War)Krovnik Farmland
9%
OpticSolozero NVG Enhanced
9%
OpticSolozero Optics Mini Reflex
9%
Map (Ground War)Tavorsk District
9%
Underbarrel12 Gauge Deputy
8%
Underbarrel40mm High-explosive
8%
Map (Gunfight)Bazaar
8%
OpticCanted Hybrid
8%
Map (Ground War)Port of Verdansk
8%
OpticScout Combat Optic
8%
UnderbarrelStippled Grip Tape
8%
OpticThermal Hybrid
8%
Underbarrel40mm Concussive
7%
Underbarrel40mm Flash
7%
Underbarrel40mm Smokescreen
7%
OpticAim-Op Reflex Sight
7%
Muzzle AttachmentsColossus Suppressor
7%
Muzzle AttachmentsCQB Breacher Device
7%
Muzzle AttachmentsFORGE TAC Marauder
7%
UnderbarrelGranulated Grip Tape
7%
OpticIntegral Hybrid
7%
Weapon PerksPresence of Mind
7%
UnderbarrelRubberized Grip Tape
7%
Underbarrel40mm Incendiary
6%
Underbarrel40mm Recon
6%
OpticMerc Thermal Optic
6%
Map (Ground War)Zhokov Boneyard
6%
Weapon PerksBurst Fire (x2)
4%
UnderbarrelBipod Foregrip
3%
Map (Gunfight)Winter Docks
2%

Score Distribution

Percentile by Number Answered

Percent of People with Each Score

Your Score History

You have not taken this quiz